000 00406pab a2200169 454500
008 180718b2009 xxu||||| |||| 00| 0 eng d
100 _aSingh, Birinder Pal
245 _aEx-criminal tribes of Punjab
260 _c2009
300 _ap.58-65.
362 _a20 Dec
650 _aTribes - India - Punjab
650 _aTribes
773 _aEconomic and Political Weekly
908 _aN
909 _a80851
999 _c80851
_d80851